00945nam a2200229Ia 4500003000900000008004100009040001600050080002500066100002600091245019700117260006800314300002200382490003300404650004100437650002600478650002300504650003600527650002600563942000700589999001700596952010200613IN-BaIIA211028s9999 xx 000 0 eng d cIIA Library a083.8:520.44bHEN-II aHenze, William918860 0aUltraviolet spectrometer and polarimeter (UVSP) catalog of observations; vol. 2bexperiments 30720-63057 (April 1985-Febrary 1988)cWilliam Henze  aWashingtonbNational Aeronautics and Space Administrationc1993 a2v. (iii, 1580p.) aNASA contractor report; 4529 aAstronomy and Astrophysics Thesaurus aCatalogue-UVSP918861 aPolarimeter918862 aUltraviolet spectrometer918863 aUVSP Catalogue918864 cBK c11022d11022 00104070aBANbBANcGENd1994-03-24l0o083.8:520.44/ HEN-IIp11935r2021-11-05w1994-03-24yBK